Pays frontaliers de l'Argentine - Statistiques

Statistiques générales
  • Ce quiz a été pris 86 fois
  • Le résultat moyen est 5 sur 5
Statistiques - réponses
Longueur (km) Réponse % Correct
5308 Chili
100%
1224 Brésil
99%
742 Bolivie
96%
579 Uruguay
96%
1699 Paraguay
91%
Aucun quiz correspondant
Distribution des résultats
% des personnes avec chaque résultat
Percentile par nombre de réponses
Votre historique - résultats
Vous n’avez pas pris ce quiz